[Event "POL-chT4 Kujawsko-Pomorskie 1516"]
[Site "Poland"]
[Date "2016.04.03"]
[Round "11"]
[White "Zygadlo, Kajetan"]
[Black "Sargalski, Andrzej"]
[Result "1-0"]
[WhiteElo "1295"]
[BlackElo "1911"]
[PlyCount "160"]
[EventDate "2015.11.08"]
[EventType "team-tourn"]
[EventRounds "11"]
[EventCountry "POL"]
[SourceTitle "EXT 2019"]
[Source "ChessBase"]
[SourceDate "2018.10.10"]
[SourceVersion "1"]
[SourceVersionDate "2018.10.10"]
[SourceQuality "1"]

1. e4 e5 2. Nf3 Nc6 3. d4 exd4 4. Nxd4 Nxd4 5. Qxd4 Nf6 6. Bg5 Be7 7. Nc3 d6 8. Bc4 0-0 9. 0-0 h6 10. Bh4 Be6 11. Bb3 Nd7 12. Bxe7 Qxe7 13. Nb5 Nc5 14. Rfe1 a6 15. Nc3 Rad8 16. Nd5 Qd7 17. Re3 Bxd5 18. Bxd5 Ne6 19. Qc3 c6 20. Bb3 Qc7 21. Rg3 d5 22. exd5 cxd5 23. Rxg7+ Kh8 24. Rxf7+ Qxc3 25. Rxf8+ Rxf8 26. bxc3 Nc7 27. Rd1 Nb5 28. Rd3 Rc8 29. Bxd5 Nxc3 30. Bxb7 Ne2+ 31. Kf1 Rxc2 32. Bxa6 Nf4 33. Rd8+ Kg7 34. Rd1 Rxa2 35. Bd3 Kf6 36. g3 Nh3 37. Kg2 Ng5 38. h4 Nf7 39. Bc4 Rb2 40. Bxf7 Kxf7 41. Rd3 Kf6 42. Kf3 h5 43. Re3 Kf5 44. Rc3 Ra2 45. Rc5+ Kg6 46. Rg5+ Kh6 47. Rf5 Kg6 48. Rf4 Ra3+ 49. Kg2 Rb3 50. Rf3 Rb2 51. Re3 Ra2 52. Kf3 Kf5 53. Rd3 Rb2 54. Ke3 Ra2 55. f3 Rg2 56. Rd5+ Kg6 57. Rg5+ Kh6 58. Kf4 Ra2 59. Re5 Ra4+ 60. Re4 Ra3 61. g4 hxg4 62. Kxg4 Ra1 63. Re6+ Kg7 64. h5 Rg1+ 65. Kf5 Rh1 66. Rg6+ Kh7 67. Rg5 Kh6 68. f4 Ra1 69. Kf6 Ra6+ 70. Kf5 Ra5+ 71. Kg4 Ra1 72. Rg6+ Kh7 73. Kg5 Rg1+ 74. Kf6 Rh1 75. h6 Ra1 76. f5 Ra6+ 77. Kg5 Ra1 78. Rg7+ Kh8 79. Kg6 Ra6+ 80. Kg5 Rxh6 1-0

[Event "POL-chT4 Kujawsko-Pomorskie 1516"]
[Site "Poland"]
[Date "2016.03.13"]
[Round "9"]
[White "Zygadlo, Kajetan"]
[Black "Kaminski, Damian"]
[Result "1-0"]
[WhiteElo "1295"]
[BlackElo "1821"]
[PlyCount "67"]
[EventDate "2015.11.08"]
[EventType "team-tourn"]
[EventRounds "11"]
[EventCountry "POL"]
[SourceTitle "EXT 2019"]
[Source "ChessBase"]
[SourceDate "2018.10.10"]
[SourceVersion "1"]
[SourceVersionDate "2018.10.10"]
[SourceQuality "1"]

1. e4 c5 2. Nf3 Nc6 3. d4 cxd4 4. Nxd4 g6 5. Be3 Bg7 6. Nc3 Qa5 7. Qd2 Nf6 8. f3 d6 9. Nb3 Qc7 10. 0-0-0 Be6 11. Nd4 Nxd4 12. Bxd4 0-0 13. Kb1 a6 14. g4 b5 15. h4 b4 16. Na4 Rfb8 17. b3 Bd7 18. Nb2 a5 19. h5 a4 20. hxg6 hxg6 21. Bc4 a3 22. Nd3 Nxe4 23. Qh2 Nf6 24. Nf4 e5 25. g5 Bf5 26. gxf6 Bxf6 27. Nd5 Qb7 28. Nxf6+ Kg7 29. Bd5 Qc7 30. Bxa8 exd4 31. Nd5 Bxc2+ 32. Qxc2 Qd7 33. Qd3 f6 34. Rh7+ 1-0

[Event "POL-chT4 Kujawsko-Pomorskie 1516"]
[Site "Poland"]
[Date "2016.01.10"]
[Round "5"]
[White "Zygadlo, Kajetan"]
[Black "Bieluszewski, Henryk"]
[Result "1-0"]
[WhiteElo "1295"]
[BlackElo "1779"]
[PlyCount "81"]
[EventDate "2015.11.08"]
[EventType "team-tourn"]
[EventRounds "11"]
[EventCountry "POL"]
[SourceTitle "EXT 2019"]
[Source "ChessBase"]
[SourceDate "2018.10.10"]
[SourceVersion "1"]
[SourceVersionDate "2018.10.10"]
[SourceQuality "1"]

1. e4 d6 2. d4 Nf6 3. Nc3 c6 4. Nf3 b5 5. Bd3 Qc7 6. Bf4 Nh5 7. Qd2 Bg4 8. Qe3 b4 9. Ne2 Nf6 10. Ng3 Bxf3 11. Qxf3 e5 12. dxe5 dxe5 13. Bg5 Nfd7 14. Bc4 Nb6 15. Bb3 c5 16. Bd5 Nc6 17. 0-0 Nd4 18. Qd1 f6 19. Be3 Rd8 20. c3 Nxd5 21. exd5 bxc3 22. bxc3 Nb5 23. c4 Nd6 24. Qa4+ Kf7 25. Rab1 Nc8 26. Qa6 Nb6 27. a4 g6 28. a5 Nd7 29. Rb7 Qd6 30. Qxd6 Bxd6 31. Rxa7 f5 32. Bd2 h6 33. Rb1 Kf6 34. Rbb7 Rh7 35. a6 Bb8 36. Ba5 Bxa7 37. Bxd8+ Kg7 38. Rxd7+ Kg8 39. Rxh7 Kxh7 40. d6 Kg7 41. Bc7 1-0

[Event "POL-chT3 Kujawsko Pomorskie 1617"]
[Site "Poland"]
[Date "2016.??.??"]
[Round "1.24"]
[White "Czarnolewski, Piotr"]
[Black "Zygadlo, Kajetan"]
[Result "1/2-1/2"]
[WhiteElo "1672"]
[BlackElo "1378"]
[PlyCount "122"]
[EventDate "2016.11.06"]
[EventType "team-tourn"]
[EventRounds "9"]
[EventCountry "POL"]
[SourceTitle "EXT 2018"]
[Source "ChessBase"]
[SourceDate "2017.10.13"]
[SourceVersion "1"]
[SourceVersionDate "2017.10.13"]
[SourceQuality "1"]

1. e4 c5 2. Nf3 d6 3. d3 g6 4. g3 Bg7 5. Bg2 Nc6 6. 0-0 Nf6 7. a4 0-0 8. Re1 e5 9. Na3 h6 10. Nc4 Be6 11. Bd2 Qc7 12. c3 Nd7 13. Ne3 a6 14. Nd5 Bxd5 15. exd5 Ne7 16. c4 Nf6 17. Bc3 Nd7 18. Rb1 a5 19. Nd2 b6 20. f4 Nf5 21. Ne4 Rfe8 22. Qf3 Nd4 23. Bxd4 exd4 24. h4 f5 25. Nf2 Nf6 26. Re6 Rxe6 27. dxe6 Re8 28. Re1 Qc8 29. Qc6 Qxc6 30. Bxc6 Re7 31. Bd5 Ne8 32. Kg2 Nc7 33. Kf3 h5 34. Re2 Bf6 35. Nh3 Kf8 36. Ng1 Kg7 37. Kf2 Kf8 38. Nf3 Kg7 39. Nd2 Kf8 40. Nb1 Ke8 41. Na3 Kd8 42. Nb5 Nxb5 43. cxb5 Kc7 44. Ke1 Kb8 45. Kd2 Ka7 46. Kc2 Kb8 47. Kb3 Ka7 48. Kc4 Bg7 49. Bc6 Kb8 50. Kd5 Kc7 51. Bd7 Bf6 52. Rc2 Bg7 53. b3 Bf8 54. Rc1 Bg7 55. Ra1 Bf8 56. Ra2 Rg7 57. Be8 Be7 58. Bf7 Kb7 59. Re2 Kc7 60. Be8 Rg8 61. Bc6 Rb8 1/2-1/2

[Event "Suwalki op"]
[Site "Suwalki"]
[Date "2015.07.05"]
[Round "9"]
[White "Szatkowski, Pawel"]
[Black "Zygadlo, Kajetan"]
[Result "0-1"]
[WhiteElo "1206"]
[BlackElo "1241"]
[PlyCount "40"]
[EventDate "2015.06.29"]
[EventType "swiss"]
[EventRounds "9"]
[EventCountry "POL"]
[SourceTitle "EXT 2017"]
[Source "ChessBase"]
[SourceDate "2016.10.25"]
[SourceVersion "1"]
[SourceVersionDate "2016.10.25"]
[SourceQuality "1"]

1. e4 c5 2. Nf3 d6 3. d4 cxd4 4. Nxd4 Nf6 5. Nc3 g6 6. Be3 Bg7 7. Be2 0-0 8. 0-0 Nc6 9. Nxc6 bxc6 10. f4 Bd7 11. e5 dxe5 12. fxe5 Ne8 13. Bf4 Qb6+ 14. Kh1 Rd8 15. Rb1 Bf5 16. Bd3 Bxd3 17. cxd3 Qa6 18. Rf3 Nc7 19. Qe2 Ne6 20. Bg3 Nd4 0-1

[Event "Suwalki op"]
[Site "Suwalki"]
[Date "2015.07.02"]
[Round "6"]
[White "Zygadlo, Kajetan"]
[Black "Jochym, Slawomir"]
[Result "0-1"]
[WhiteElo "1241"]
[BlackElo "1106"]
[PlyCount "108"]
[EventDate "2015.06.29"]
[EventType "swiss"]
[EventRounds "9"]
[EventCountry "POL"]
[SourceTitle "EXT 2017"]
[Source "ChessBase"]
[SourceDate "2016.10.25"]
[SourceVersion "1"]
[SourceVersionDate "2016.10.25"]
[SourceQuality "1"]

1. e4 Nc6 2. Nf3 e5 3. d4 exd4 4. Nxd4 Qf6 5. Be3 Bc5 6. c3 Nge7 7. Be2 Bb6 8. 0-0 Nxd4 9. Bxd4 Bxd4 10. Qxd4 Qxd4 11. cxd4 b6 12. Nd2 Bb7 13. Bf3 0-0-0 14. Rac1 Kb8 15. a3 d5 16. e5 h5 17. Rc2 g5 18. Rfc1 c6 19. b4 b5 20. Nb3 Rh6 21. Na5 Ba8 22. Re2 g4 23. Bxg4 hxg4 24. Nb3 Bb7 25. Nc5 Bc8 26. Rd1 Rdh8 27. f3 Rxh2 28. Kf2 R8h3 29. Rd3 gxf3 30. Rxf3 Rxf3+ 31. Kxf3 Nf5 32. Nb3 Nh6 33. Kg3 Rh1 34. Ra2 Rd1 35. Kf2 Nf5 36. Ke2 Rb1 37. Nd2 Rg1 38. Kf2 Rh1 39. Nf3 Be6 40. Ke2 Nh4 41. Nxh4 Rxh4 42. Ke3 Re4+ 43. Kd3 Bf5 44. Kc3 Rg4 45. Rd2 Rg3+ 46. Kb2 Be4 47. Rf2 Rxg2 48. Rxg2 Bxg2 49. Kc2 Kc7 50. Kd2 Kd7 51. Ke3 Ke6 52. Kf4 f6 53. exf6 Kxf6 54. Kg3 Kf5 0-1